| 000 | 00419nam a2200193Ia 4500 | ||
|---|---|---|---|
| 003 | 0100 | ||
| 008 | 130303s9999 xx 000 0 und d | ||
| 040 | _cARRUPELIB | ||
| 050 | _aBJ1461.P41966 | ||
| 245 | _aFreedom and the will | ||
| 260 | _aLondon | ||
| 260 | _bMacmillan Company | ||
| 260 | _C1966 | ||
| 300 | _a136p. | ||
| 300 | _b 21 cm. | ||
| 650 | _aETHICS | ||
| 700 | _aPears, D.F. (ed) | ||
| 942 | 0 | 0 | _03 |
| 999 |
_c39591 _d39591 |
||